| 000 | 01335cam a22003137a 4500 | ||
|---|---|---|---|
| 001 | 15692651 | ||
| 005 | 20091125114236.0 | ||
| 008 | 090408s2008 gw a |rb 001 0 eng | ||
| 010 | _a 2009417352 | ||
| 015 |
_aGBA780071 _2bnb |
||
| 016 | 7 |
_a014052453 _2Uk |
|
| 020 | _a3527315314 (pbk.) | ||
| 020 | _a9783527315314 (pbk.) | ||
| 035 | _a(OCoLC)ocn240999704 | ||
| 040 |
_aUKM _cUKM _dBAKER _dBWX _dOCLCQ _dIXA _dYDXCP _dDLC |
||
| 042 |
_aukblcatcopy _alccopycat |
||
| 050 | 0 | 0 |
_aTA418.9.N35 _bV65 2008 |
| 082 | 0 | 4 |
_a620.5 _222 _bVOL |
| 100 | 1 |
_aVollath, D. _912035 |
|
| 245 | 1 | 0 |
_aNanomaterials : _bAn Introduction to Synthesis, Properties and Application / _cDieter Vollath. |
| 260 |
_aWeinheim : _bWiley-VCH, 2008 _cc2008. |
||
| 300 |
_aix, 352 p. : _bill. (some col.) ; _c24 cm. |
||
| 504 | _aIncludes bibliographical references and index. | ||
| 650 | 0 |
_aNanostructured materials. _912036 |
|
| 942 |
_2ddc _cNB |
||
| 999 |
_c13541 _d13541 |
||